00953 a2200169 4500003000500000020001800005082001200023100002100035245004900056260005100105300002000156490003700176505043000213700002100643830003700664856008200701NUST a81-7319-201-4 a515,LIE1 aLieb, Elliott H.10aAnalysis 2 /cElliott H. Lieb, Michael Loss. a[S.l.] :bAmerican Mathematical Society,c1997 a278p. :c27 cm.1 aGraduate studies in mathematics. aMeasure and Integration (Page-1), Lp-Spaces (Page-35), Rearrangement Inequalities (Page-71), Integral Inequalities (Page-89), The Fourier Transform (Page-115), Distributions (Page-127), The Sobolev Spaces H1 and H 1/2 (Page-157), Sobolev Inequalities (Page-183), Potential Theory and Coulomb Energies (Page-201), Regularity of Solutions of Poisson's Equation (Page-221), Introduction to the Calculus of Variations (Page-231).1 aLieb, Elliott H. 0aGraduate studies in mathematics.403Amazon.comuhttp://www.amazon.com/exec/obidos/ASIN/0821827839/chopaconline-20